| Record ID | ia:structurestylest0000stei_q2v7 |
| Source | Internet Archive |
| Download MARC XML | https://archive.org/download/structurestylest0000stei_q2v7/structurestylest0000stei_q2v7_marc.xml |
| Download MARC binary | https://www.archive.org/download/structurestylest0000stei_q2v7/structurestylest0000stei_q2v7_meta.mrc |
LEADER: 00766cam a2200241 i 4500
001 78015541
003 DLC
005 20081204084736.0
008 780630s1979 nyua b 001 0 eng
010 $a 78015541
020 $a0874871646
040 $aDLC$cDLC$dDLC
050 00 $aMT58$b.S83 1979
082 00 $a781.5
100 1 $aStein, Leon,$d1910-2002.
245 10 $aStructure & style :$bthe study and analysis of musical forms /$cLeon Stein.
250 $aExpanded ed.
260 $aPrinceton, N.J. :$bSummy-Birchard Music,$cc1979.
300 $axx, 297 p. :$bill. ;$c22 cm.
504 $aBibliography: p. 271-275.
500 $aIncludes index.
650 0 $aMusical form.
856 42 $3Publisher description$uhttp://www.loc.gov/catdir/enhancements/fy0903/78015541-d.html